Les scènes à l'école en 30 clics - Statistiques

Statistiques générales
  • Ce quiz a été pris 47 fois
  • Le résultat moyen est 15 sur 30
Statistiques - réponses
Hint Réponse % Correct
Harry Potter à l'école des sorciers
100%
Le Cercle des poètes disparus
89%
La Guerre des boutons
75%
Bad Teacher
69%
Les Sous-doués
67%
Breakfast Club
61%
Les Beaux Gosses
61%
Les Choristes
61%
Will Hunting
61%
Le Maître d'école
58%
Le Plus Beau Métier du monde
58%
Battle Royale
56%
Entre les murs
56%
Matilda
50%
Easy Girl
47%
Les Quatre Cents Coups
47%
Elephant
44%
Esprits rebelles
44%
Lolita malgré moi
44%
La Vague
42%
Carrie au bal du diable
39%
Écrire pour exister
39%
It Follows
39%
Le Péril jeune
39%
Sexe Intentions (Cruel Intentions)
36%
Detention
22%
Detachment
19%
The Faculty
17%
Projet Almanac
8%
If....
6%
Aucun quiz correspondant
Distribution des résultats
% des personnes avec chaque résultat
Percentile par nombre de réponses
Votre historique - résultats
Vous n’avez pas pris ce quiz